|
|
|
|
| LEADER |
00000nam1a2200000 4500 |
| 001 |
350636 |
| 005 |
20231102010325.0 |
| 035 |
|
|
|a (RuTPU)RU\TPU\retro\4821
|
| 090 |
|
|
|a 350636
|
| 100 |
|
|
|a 20190214d19001903k y0rusy50 ca
|
| 101 |
0 |
|
|a rus
|
| 102 |
|
|
|a RU
|
| 200 |
1 |
|
|a Метеорологический бюллетень Николаевской главной физической обсерватории
|e [ежедневный]
|f Николаевская главная физическая обсерватория
|
| 210 |
|
|
|a Санкт-Петербург
|c Типография Императорской Академии наук
|d 1900-1903
|
| 305 |
|
|
|a Основан в 1867 г.
|
| 712 |
0 |
2 |
|a Николаевская главная физическая обсерватория
|c (Санкт-Петербург)
|c (1899-1917)
|2 stltpush
|3 (RuTPU)RU\TPU\col\25219
|9 28485
|
| 801 |
|
1 |
|a RU
|b 63413507
|c 20190214
|
| 801 |
|
2 |
|a RU
|b 63413507
|c 20190214
|g RCR
|
| 942 |
|
|
|c BK
|